| 000 | 00901nam a2200313 a 4500 | ||
|---|---|---|---|
| 001 | 119422 | ||
| 005 | 20230410123932.0 | ||
| 008 | 860417s1985 mx a b 001 0 spa | ||
| 010 | _a86146819 | ||
| 020 | _a9684194889 | ||
| 040 |
_aDLC _cDLC _dDLC |
||
| 041 | _aspa | ||
| 043 | _an-mx--- | ||
| 050 | 1 | 4 |
_aLA422 _b.P918t1985 |
| 082 | 0 | 0 | _a371.207 |
| 100 | 1 | _aPrawda, Juan. | |
| 245 | 1 | 0 |
_aTeoría y praxis de la planeación educativa en México / _cJuan Prawda. |
| 260 |
_aMéxico : _bGrijalbo, _cc1985. |
||
| 300 |
_a380 p. : _bill. ; _c22 cm. |
||
| 440 | 0 | _aColección pedagógica | |
| 504 | _aIncluye referencia biliográfica e indice p. 363-365. | ||
| 500 | _aIncludes indexes. | ||
| 650 | 4 | _aCRV | |
| 650 | 4 | _aColección René Villarreal | |
| 650 | 0 |
_aEducational planning _zMexico. |
|
| 830 | 0 | _aColección pedagógica (Editorial Grijalbo) | |
| 942 |
_2lcc _cbk |
||
| 946 | _almd | ||
| 999 |
_c68419 _d68419 |
||